| 000 | 00498nam a2200181 a 4500 | ||
|---|---|---|---|
| 001 | DLC000019654 | ||
| 005 | 20240524071346.0 | ||
| 008 | 220519s2003 xxu eng d | ||
| 020 | _a9788190565554 | ||
| 040 |
_aDLC _bvie _eAACR2 |
||
| 041 | _aeng | ||
| 082 | 1 | 4 |
_a14 813.54 _bSh531-Indi |
| 100 | 1 |
_aSharma, Robin _d1964- |
|
| 245 | 1 | 4 |
_aThe Saint the Surfer and the ceo _c/ Robin Sharma |
| 260 |
_aCarlsbad, Calif _b: Hay house India _c, 2003 |
||
| 300 |
_axv, 221 p. _c; 23 cm |
||
| 942 |
_2ddc _cBK |
||
| 999 |
_c12 _d12 |
||